书目信息 |
| 题名: |
宪法与行政法学
|
|
| 作者: | 于水 主编 | |
| 分册: | ||
| 出版信息: | 北京 科学出版社 2024 |
|
| 页数: | 377页 | |
| 开本: | 26cm | |
| 丛书名: | 科学出版社“十四五”普通高等教育研究生规划教材 首批江苏省研究生优秀教材 新编公共管理硕士(MPA)系列教材 | |
| 单 册: | ||
| 中图分类: | D921.01 , D922.101 | |
| 科图分类: | ||
| 主题词: | 宪法学--中国--研究生--教材 , 行政法学--中国--研究生--教材 | |
| 电子资源: | ||
| ISBN: | 978-7-03-076060-9 | |
| 000 | 01171nam0 2200301 450 | |
| 001 | 01004512 | |
| 005 | 20240710155503.0 | |
| 010 | @a978-7-03-076060-9@dCNY58.00 | |
| 100 | @a20240408d2024 em y0chiy0120 ea | |
| 101 | 0 | @achi |
| 102 | @aCN@b110000 | |
| 105 | @ay z 000yy | |
| 106 | @ar | |
| 200 | 1 | @a宪法与行政法学@9xian fa yu xing zheng fa xue@f于水主编 |
| 205 | @a2版 | |
| 210 | @a北京@c科学出版社@d2024 | |
| 215 | @a377页@d26cm | |
| 225 | @a科学出版社“十四五”普通高等教育研究生规划教材 首批江苏省研究生优秀教材 新编公共管理硕士(MPA)系列教材 | |
| 300 | @a科学出版社“十四五”普通高等教育研究生规划教材 首批江苏省研究生优秀教材 新编公共管理硕士(MPA)系列教材 | |
| 330 | @a全书共分为三大部分:第一部分为宪法内容,包括宪法概述、宪法基本制度、宪法实施;第二部分为行政法内容,包括行政法概述、行政法主体、行政行为、行政责任、行政复议;第三部分为行政诉讼法内容,包括行政诉讼、行政赔偿和行政补偿。 | |
| 586 | @a | |
| 606 | 0 | @a宪法学@y中国@x研究生@j教材 |
| 606 | 0 | @a行政法学@y中国@x研究生@j教材 |
| 690 | @aD921.01@v5 | |
| 690 | @aD922.101@v5 | |
| 701 | 0 | @a于水@9yu shui@4主编 |
| 801 | 0 | @aCN@c20240710 |
| 905 | @dD921.01@eY722=2@f1@sD921.01/Y722=2@S@Z | |
| 宪法与行政法学/于水主编.-2版.-北京:科学出版社,2024 |
| 377页;26cm.-(科学出版社“十四五”普通高等教育研究生规划教材 首批江苏省研究生优秀教材 新编公共管理硕士(MPA)系列教材) |
| 科学出版社“十四五”普通高等教育研究生规划教材 首批江苏省研究生优秀教材 新编公共管理硕士(MPA)系列教材 |
| ISBN 978-7-03-076060-9:CNY58.00 |
| 全书共分为三大部分:第一部分为宪法内容,包括宪法概述、宪法基本制度、宪法实施;第二部分为行政法内容,包括行政法概述、行政法主体、行政行为、行政责任、行政复议;第三部分为行政诉讼法内容,包括行政诉讼、行政赔偿和行政补偿。 |
| ● |
| 相关链接 |
|
|
|
正题名:宪法与行政法学
索取号:D921.01/Y722=2
 
预约/预借
| 序号 | 登录号 | 条形码 | 馆藏地/架位号 | 状态 | 备注 |
| 1 | 21618979 | 216189791 | 社科库509/509社科库 84排3列6层/ [索取号:D921.01/Y722=2] | 在馆 |